[Event "CAN-ch U14"]
[Site "Windsor"]
[Date "2015.07.08"]
[Round "5.40"]
[White "Periappuram, Jacob"]
[Black "Desjardins, Jonathan"]
[Result "0-1"]
[WhiteElo "239"]
[BlackElo "824"]
[PlyCount "58"]
[EventDate "2015.07.06"]
[EventType "swiss"]
[EventRounds "7"]
[EventCountry "CAN"]
[SourceTitle "EXT 2022"]
[Source "ChessBase"]
[SourceDate "2021.10.06"]
[SourceVersion "1"]
[SourceVersionDate "2021.10.06"]
[SourceQuality "1"]

1. e4 e5 2. Nf3 Nc6 3. Bb5 Nf6 4. Nc3 Bb4 5. d3 Qe7 6. 0-0 Ng4 7. Ng5 Bc5 8. Qxg4 d6 9. Qd1 a6 10. Bxc6+ bxc6 11. Be3 Bxe3 12. fxe3 Qxg5 13. Qf3 Rf8 14. d4 Bg4 15. Qg3 h6 16. d5 Rb8 17. b3 Rb4 18. dxc6 f5 19. Nd5 Rxe4 20. Nxc7+ Ke7 21. Nd5+ Kd8 22. c7+ Kd7 23. Rf2 Kc6 24. c4 f4 25. exf4 exf4 26. Rxf4 Rexf4 27. Nxf4 Kxc7 28. Ne6+ Bxe6 29. Rc1 Qxc1+ 0-1